[Event "Open Ricany 2013"]
[Site "Turnaj A"]
[Date "2013.08.29"]
[Round "7.29"]
[White "Paukert, Jan"]
[Black "Rihova, Kamila"]
[Result "1/2-1/2"]
[WhiteElo "1900"]
[BlackElo "1687"]
[PlyCount "25"]
[EventDate "2013.??.??"]

1. d4 Nf6 2. Nf3 e6 3. g3 b5 4. Bg2 Bb7 5. O-O c5 6. a4 a6 7. c3 b4 8. dxc5
Bxc5 9. Bf4 d5 10. Ne5 Nc6 11. a5 O-O 12. Nxc6 Bxc6 13. Be5 1/2-1/2

[Event "Open Ricany 2013"]
[Site "Turnaj A"]
[Date "2013.08.29"]
[Round "7.30"]
[White "Skvaril, Michal"]
[Black "Havelka, Petr"]
[Result "1/2-1/2"]
[WhiteElo "1708"]
[BlackElo "1865"]
[PlyCount "28"]
[EventDate "2013.??.??"]

1. e4 d5 2. exd5 Qxd5 3. Nc3 Qa5 4. d4 Nf6 5. Bd2 c6 6. Bc4 Bf5 7. Nf3 e6 8.
Nd5 Qd8 9. Nxf6+ Qxf6 10. c3 Nd7 11. Qe2 Bg4 12. h3 Bxf3 13. gxf3 Nb6 14. Bb3
Nd5 1/2-1/2

[Event "Open Ricany 2013"]
[Site "Turnaj A"]
[Date "2013.08.29"]
[Round "7.31"]
[White "Stork Rostislav"]
[Black "Svoboda Jaroslav"]
[Result "*"]
[WhiteElo "1814"]
[BlackElo "1557"]
[PlyCount "30"]
[EventDate "2013.??.??"]

1. e4 e5 2. Nf3 Nf6 3. d4 exd4 4. e5 Ne4 5. Bd3 Bb4+ 6. Nbd2 Nxd2 7. Bxd2 Bxd2+
8. Qxd2 c5 9. O-O-O Nc6 10. Rde1 O-O 11. Kb1 d6 12. h4 Nb4 13. h5 h6 14. g4
Nxd3 15. cxd3 dxe5 *

[Event "Open Ricany 2013"]
[Site "Turnaj A"]
[Date "2013.08.29"]
[Round "7.32"]
[White "Grecny, Karol"]
[Black "Zavurkova, Monika"]
[Result "1-0"]
[WhiteElo "1934"]
[BlackElo "1753"]
[PlyCount "65"]
[EventDate "2013.??.??"]

1. e4 Nc6 2. d4 d5 3. exd5 Qxd5 4. Be3 e5 5. Nf3 Bg4 6. Be2 e4 7. Ng1 Bxe2 8.
Nxe2 Bb4+ 9. c3 Bd6 10. Nd2 f5 11. c4 Qf7 12. c5 Be7 13. O-O g5 14. f3 exf3 15.
Nxf3 f4 16. Ne5 Nxe5 17. dxe5 Qe6 18. Bf2 Nh6 19. Nd4 Qg6 20. Qb3 Qa6 21. c6
bxc6 22. Qe6 Ng8 23. Nxc6 Qd3 24. Rad1 Qg6 25. Qd7+ Kf8 26. Qxc7 h5 27. Nxe7
Nxe7 28. Bc5 Rh7 29. Rd7 Qe8 30. Rfd1 Rc8 31. Qd6 Rg7 32. Qf6+ Qf7 33. Rd8+ 1-0

[Event "Open Ricany 2013"]
[Site "Turnaj A"]
[Date "2013.08.29"]
[Round "7.33"]
[White "Sadil, Jan"]
[Black "Mihal, Sergej"]
[Result "1/2-1/2"]
[WhiteElo "1630"]
[BlackElo "1771"]
[PlyCount "123"]
[EventDate "2013.??.??"]

1. d4 f5 2. Nf3 Nf6 3. c4 e6 4. Nc3 Be7 5. g3 O-O 6. Bg2 d5 7. cxd5 exd5 8. O-O
c6 9. Ne5 Be6 10. a3 Nbd7 11. Nd3 Bd6 12. b4 Ne4 13. Qc2 Nb6 14. Nc5 Bc8 15.
N3xe4 fxe4 16. Qb3 Kh8 17. Bb2 Nc4 18. Nxe4 Bc7 19. Bc3 Qe7 20. e3 Bf5 21. Nd2
Bd3 22. Rfe1 Qf6 23. f3 Nd6 24. Bf1 Bg6 25. Bb2 Rae8 26. a4 h5 27. Bd3 Nf5 28.
Bxf5 Bxf5 29. Kg2 h4 30. b5 g5 31. Rf1 Qh6 32. g4 h3+ 33. Kg1 Qd6 34. Rf2 Bxg4
35. Ba3 Qd7 36. Bxf8 Rxf8 37. Raf1 Bh5 38. Qd1 g4 39. fxg4 Rxf2 40. Rxf2 Bxg4
41. Qf1 Qe6 42. Rf7 Ba5 43. Nb3 Bb4 44. Qf6+ Qxf6 45. Rxf6 cxb5 46. axb5 Kg7
47. Rf4 Bd7 48. Nc5 Bc8 49. Kf2 b6 50. Nd3 Bd6 51. Ne5 a5 52. bxa6 Bxa6 53.
Rg4+ Kh7 54. Rh4+ Kg7 55. Rxh3 b5 56. Rg3+ Kf8 57. h4 b4 58. h5 b3 59. e4 Bxe5
60. dxe5 Bc4 61. exd5 Bxd5 62. Rxb3 1/2-1/2

[Event "Open Ricany 2013"]
[Site "Turnaj A"]
[Date "2013.08.29"]
[Round "7.34"]
[White "Hlina Milos"]
[Black "Cabart Pavel"]
[Result "1-0"]
[WhiteElo "1862"]
[BlackElo "1836"]
[PlyCount "41"]
[EventDate "2013.??.??"]

1. d4 Nf6 2. Nf3 g6 3. e3 Bg7 4. Bd3 O-O 5. c4 d6 6. Nc3 c5 7. h3 Na6 8. O-O
Bd7 9. b3 Rb8 10. Bb2 Nb4 11. Be2 Re8 12. Qd2 e5 13. Rfe1 e4 14. Nh2 Nc6 15.
Nb5 d5 16. dxc5 Be6 17. Nd6 Re7 18. Rad1 Rd7 19. Bxf6 Qxf6 20. cxd5 Rxd6 21.
cxd6 1-0